| 000 | 00660cam a22002171 4500 | ||
|---|---|---|---|
| 001 | ca 36000987 | ||
| 003 | DLC | ||
| 005 | 20260227111142.0 | ||
| 008 | 791025s1933 ohu 000 0 eng | ||
| 010 | _aca 36000987 | ||
| 035 | _a(OCoLC)5585513 | ||
| 040 |
_aDLC _cOCl _dDLC |
||
| 042 | _apremarc | ||
| 050 | 0 | 0 |
_aPN6120.N4 _bR3 |
| 082 | _a812.5 | ||
| 100 | 1 | _aRayfield, Florence R. | |
| 245 | 1 | 4 |
_aThe chicken lifters' convention, _bblackface farce in one act, _cby Florence R. Rayfield. |
| 260 |
_aFranklin, O., _aDenver, Colo., _bEldridge entertainment house, incorporated, _cc1933. |
||
| 300 |
_a21 p. _c19 cm. |
||
| 490 | 0 | _aEldridge black face sketches | |
| 999 |
_c18165 _d18165 |
||